| 000 | 00829nam a2200229 i 4500 | ||
|---|---|---|---|
| 001 | 132276 | ||
| 003 | ES-MaACL | ||
| 005 | 20250919110501.0 | ||
| 007 | t| | ||
| 008 | 070214s1976 sp r ||||1| spa d | ||
| 245 | 0 | 0 |
_aCrítica literaria / _cdirigida por Antonio Roldán Pérez ; preparada por Abraham Esteve Serrano [et. al.]. |
| 260 |
_aMadrid : _bGrefol, _c1976. |
||
| 300 |
_a6 t. en 1 vol. ; _c30 cm. |
||
| 500 | _aPrecede al Tit : Universidad Nacional de Educación a Distancia. | ||
| 650 |
_aCrítica literaria. _911448 |
||
| 650 | 4 |
_aPreceptiva literaria. _9150091 |
|
| 700 | 0 |
_aRoldán Pérez, Antonio, _d1934- _999151 |
|
| 700 | 1 |
_aEsteve Serrano, Abraham. _948150 |
|
| 710 | 2 |
_aUniversidad Nacional de Educación a Distancia (España) _97405 |
|
| 852 |
_aES-MaACL _jL-7003 _bR.107920 |
||
| 999 |
_c132276 _d132276 |
||